000 00662nam a2200241Ia 4500
003 GCL
008 140319s9999 xx 000 0 ara d
040 _aGCL /
_cGCL
082 0 4 _a250
_bا ف
100 1 _aابى ذر القلمونى
245 1 0 _aففروا الى الله /
_cابى ذر القلمونى
260 _aالقاهرة :
_bمكتبة التراث الاسلامى
300 _a259 ص
490 _a
650 0 4 _aالموت
650 0 4 _aالصلاة
650 0 4 _aالزكاة
650 0 4 _aالشريعة الاسلامية
650 0 4 _aالدعاء
650 0 4 _aالتوبة
650 0 4 _aالدنيا
942 _2ddc
_cBK
999 _c55124
_d55124